[Event "FIDE WCC Blitz 2016 Men"]
[Site "Doha"]
[Date "2016.12.30"]
[Round "20"]
[White "Kayumov, Sergey"]
[Black "Atabayev, Maksat"]
[Result "0-1"]
[WhiteElo "2505"]
[BlackElo "2492"]
[PlyCount "116"]
[EventDate "2016.??.??"]
[EventType "blitz"]
[EventCountry "QAT"]
[SourceTitle "playchess.com"]
[Source "ChessBase"]

1. d4 d5 2. Bf4 Nf6 3. e3 c5 4. c3 Nc6 5. Nd2 Bg4 6. Qb3 Qd7 7. Ngf3 c4 8. Qd1
e6 9. Be2 Be7 10. Ne5 Bxe2 11. Qxe2 Qc8 12. e4 dxe4 13. Nxe4 Nd5 14. Bg3 Nxe5
15. Bxe5 O-O 16. Nd2 b5 17. O-O Qc6 18. h3 Rfe8 19. Rae1 f6 20. Bg3 Bf8 21. f4
Rac8 22. a3 a5 23. Qf3 b4 24. axb4 axb4 25. Kh1 Ra8 26. Ne4 f5 27. Nd2 Ra2 28.
Qe2 bxc3 29. bxc3 Qd7 30. Rc1 Rc8 31. Rf2 Ba3 32. Rcf1 Nxc3 33. Qe5 Bd6 34. Qe1
Nd5 35. Nf3 Rxf2 36. Rxf2 c3 37. Rc2 Bb4 38. Ne5 Qa4 39. Qe2 Nf6 40. Nd3 Ne4
41. Be1 Bd6 42. Ra2 Qc4 43. Rc2 Ra8 44. Qd1 Qxd4 45. Qf3 Ra1 46. Kh2 g6 47. Bf2
Qd5 48. Ne1 Ra2 49. Rxa2 Qxa2 50. Bd4 Qc4 51. Nc2 Bc5 52. Bxc5 Qxc5 53. Qd3 Qd6
54. Qf1 Qd2 55. Nb4 c2 56. Qc4 Qxf4+ 57. g3 Qxg3+ 58. Kh1 Nf2# 0-1

[Event "FIDE WCC Blitz 2016 Men"]
[Site "Doha"]
[Date "2016.12.30"]
[Round "20"]
[White "Henriquez Villagra, Cristobal"]
[Black "Debashis, Das"]
[Result "0-1"]
[WhiteElo "2517"]
[BlackElo "2472"]
[PlyCount "94"]
[EventDate "2016.??.??"]
[EventType "blitz"]
[EventCountry "QAT"]
[SourceTitle "playchess.com"]
[Source "ChessBase"]

1. d4 Nf6 2. c4 e6 3. Nf3 b6 4. g3 Ba6 5. b3 Bb4+ 6. Bd2 Be7 7. Bg2 O-O 8. Bc3
d5 9. Nbd2 Bb7 10. O-O Nbd7 11. Re1 c5 12. e3 Rc8 13. Bb2 a6 14. Qe2 dxc4 15.
Nxc4 b5 16. Nce5 Nxe5 17. dxe5 Nd7 18. e4 Qc7 19. h4 Rfd8 20. h5 h6 21. a3 Nb6
22. Rac1 Rd7 23. Rc2 Rcd8 24. Rec1 Rd3 25. Bf1 Rxb3 26. Nd2 Rbd3 27. Qxd3 Rxd3
28. Bxd3 c4 29. Bf1 Qd7 30. f3 Na4 31. Ba1 Bxa3 32. Rb1 Bc5+ 33. Kg2 Nb6 34.
Be2 Bc6 35. Nf1 a5 36. Rd1 Qc7 37. Rcd2 Be7 38. Bd4 Na4 39. Ne3 c3 40. Rc2 b4
41. Rb1 Bc5 42. Bxc5 Nxc5 43. Nc4 Bb5 44. Ra2 Bxc4 45. Bxc4 Nxe4 46. Bb3 Nd2
47. Bd1 Nxb1 0-1

[Event "FIDE WCC Blitz 2016 Men"]
[Site "Doha"]
[Date "2016.12.30"]
[Round "20"]
[White "Pichot, Alan"]
[Black "Mchedlishvili, Mikheil"]
[Result "0-1"]
[WhiteElo "2544"]
[BlackElo "2601"]
[PlyCount "104"]
[EventDate "2016.??.??"]
[EventType "blitz"]
[EventCountry "QAT"]
[SourceTitle "playchess.com"]
[Source "ChessBase"]

1. e4 c5 2. Nf3 e6 3. d4 cxd4 4. Nxd4 Nc6 5. Nc3 a6 6. Be2 d6 7. Be3 Nf6 8. O-O
Be7 9. f4 O-O 10. Qe1 Nxd4 11. Bxd4 b5 12. a3 Bb7 13. Qg3 Bc6 14. Kh1 Qb8 15.
e5 dxe5 16. Bxe5 Qb7 17. f5 exf5 18. Rxf5 Kh8 19. Raf1 Rg8 20. Bd3 Rad8 21. Ne2
Be4 22. Rg5 Bxd3 23. cxd3 Qc6 24. Qh3 h6 25. Bc3 Qd7 26. Rg3 Qxh3 27. Rxh3 Rd7
28. Nf4 Kh7 29. Re3 Rc8 30. Be5 Ne8 31. Rg3 f6 32. Bc3 Nc7 33. Nh5 Rg8 34. Re1
Nd5 35. Bd2 Bd6 36. Rf3 Be5 37. b4 Nc7 38. Rh3 Rgd8 39. Nf4 Bxf4 40. Bxf4 Nd5
41. Bd2 Ne7 42. Bf4 Ng6 43. Be3 Rxd3 44. Bc5 Rxh3 45. gxh3 Rd3 46. a4 bxa4 47.
Re6 Nf4 48. Rxa6 Rd1+ 49. Bg1 Ne2 50. Kg2 Nxg1 51. b5 Ne2 52. b6 Rb1 0-1

[Event "FIDE WCC Blitz 2016 Men"]
[Site "Doha"]
[Date "2016.12.30"]
[Round "20"]
[White "Borisek, Jure"]
[Black "Anton Guijarro, David"]
[Result "0-1"]
[WhiteElo "2561"]
[BlackElo "2650"]
[PlyCount "82"]
[EventDate "2016.??.??"]
[EventType "blitz"]
[EventCountry "QAT"]
[SourceTitle "playchess.com"]
[Source "ChessBase"]

1. e4 e5 2. Nf3 Nc6 3. Bb5 a6 4. Ba4 Nf6 5. O-O Be7 6. Re1 b5 7. Bb3 d6 8. c3
O-O 9. h3 Na5 10. Bc2 c5 11. d4 Nd7 12. dxc5 dxc5 13. Qe2 Qc7 14. Nbd2 Rd8 15.
Nf1 Nc4 16. b3 Nd6 17. c4 bxc4 18. bxc4 Bf8 19. Ne3 Bb7 20. Nd5 Bxd5 21. cxd5
c4 22. Rb1 Rdc8 23. Be3 Nb5 24. Qf1 Bc5 25. a4 Nd4 26. Bxd4 Bxd4 27. Qe2 Rab8
28. g3 Qc5 29. Kg2 h6 30. Nh4 g6 31. f4 Nf6 32. fxe5 Bxe5 33. Nf3 Nd7 34. Qd2
g5 35. h4 c3 36. Qe2 g4 37. Nh2 h5 38. Nxg4 hxg4 39. Qxg4+ Bg7 40. Qxd7 Rb2 41.
Qxc8+ Qxc8 0-1

[Event "FIDE WCC Blitz 2016 Men"]
[Site "Doha"]
[Date "2016.12.30"]
[Round "20"]
[White "Flores, Diego"]
[Black "Fressinet, Laurent"]
[Result "0-1"]
[WhiteElo "2579"]
[BlackElo "2672"]
[PlyCount "108"]
[EventDate "2016.??.??"]
[EventType "blitz"]
[EventCountry "QAT"]
[SourceTitle "playchess.com"]
[Source "ChessBase"]

1. c4 Nf6 2. Nc3 g6 3. e4 d6 4. g3 Bg7 5. Bg2 O-O 6. Nge2 c5 7. d3 Nc6 8. O-O
Rb8 9. h3 a6 10. a4 Nd4 11. Nxd4 cxd4 12. Ne2 Nd7 13. a5 b5 14. axb6 Qxb6 15.
Rb1 Qb3 16. Bg5 Re8 17. Qxb3 Rxb3 18. Nc1 Rb6 19. b4 a5 20. b5 a4 21. Na2 Nc5
22. Nb4 e6 23. Ra1 h6 24. Bd2 Bb7 25. Ra2 f5 26. exf5 Bxg2 27. Kxg2 gxf5 28. g4
fxg4 29. hxg4 Kf7 30. f3 d5 31. Kf2 dxc4 32. dxc4 e5 33. Ke2 Kg6 34. Nd3 Nb3
35. Nf2 e4 36. Nxe4 Nc5 37. Bb4 Nxe4 38. fxe4 Rxe4+ 39. Kd2 Rbe6 40. Rf2 Be5
41. Rxa4 Bg3 42. Rg2 Bh4 43. Kd3 Re3+ 44. Kd2 Bg5 45. Kc2 d3+ 46. Kd1 Rf3 47.
Rg1 Re2 48. Ra6+ Kf7 49. Ra7+ Ke6 50. Ra6+ Kf7 51. Ra7+ Ke8 52. Ra8+ Kd7 53.
Ra3 Rb2 54. Ra7+ Kc8 0-1

[Event "FIDE WCC Blitz 2016 Men"]
[Site "Doha"]
[Date "2016.12.30"]
[Round "20"]
[White "Halkias, Stelios"]
[Black "Atabayev, Yusup"]
[Result "0-1"]
[WhiteElo "2585"]
[BlackElo "2473"]
[PlyCount "58"]
[EventDate "2016.??.??"]
[EventType "blitz"]
[EventCountry "QAT"]
[SourceTitle "playchess.com"]
[Source "ChessBase"]

1. e4 c5 2. Nf3 Nc6 3. Bb5 e6 4. O-O Nge7 5. b3 d6 6. Bb2 e5 7. c3 Qb6 8. Na3
a6 9. Nc4 Qc7 10. Bxc6+ Nxc6 11. a4 Be6 12. d4 Bxc4 13. bxc4 Be7 14. d5 Na5 15.
Qd3 O-O 16. Rab1 Qd7 17. Ra1 f5 18. exf5 Qxf5 19. Qe2 Bg5 20. Rfe1 Rae8 21. Qe4
Qxe4 22. Rxe4 Bh6 23. Bc1 Nb3 24. Bxh6 Nxa1 25. Bg5 Nb3 26. Re2 h6 27. Be3 e4
28. Ne1 Na5 29. Bf4 Rxf4 0-1

[Event "FIDE WCC Blitz 2016 Men"]
[Site "Doha"]
[Date "2016.12.30"]
[Round "20"]
[White "Perez Ponsa, Federico"]
[Black "Lalith Babu M R"]
[Result "0-1"]
[WhiteElo "2585"]
[BlackElo "2587"]
[PlyCount "68"]
[EventDate "2016.??.??"]
[EventType "blitz"]
[EventCountry "QAT"]
[SourceTitle "playchess.com"]
[Source "ChessBase"]

1. d4 Nf6 2. Bf4 e6 3. e3 c5 4. c3 Nc6 5. Nd2 d5 6. Bd3 Bd6 7. Bxd6 Qxd6 8. f4
h6 9. Ngf3 g5 10. O-O gxf4 11. exf4 Qxf4 12. Kh1 Ng4 13. Qe2 cxd4 14. Bb5 Bd7
15. h3 Ne3 16. Bxc6 Bxc6 17. Nxd4 Nxf1 18. Rxf1 Qd6 19. Nf5 Qd7 20. Ng7+ Kd8
21. Nf3 Bb5 22. Qf2 Bxf1 23. Ne5 Qe7 24. Nxf7+ Kc7 25. Qf4+ e5 26. Nxe5 Raf8
27. Nf7+ Kc8 28. Nf5 Qc7 29. N5d6+ Kb8 30. Qf6 Rhg8 31. Nb5 Bxg2+ 32. Kg1 Bxh3+
33. Kh1 Bg2+ 34. Kg1 Rxf7 0-1

[Event "FIDE WCC Blitz 2016 Men"]
[Site "Doha"]
[Date "2016.12.30"]
[Round "20"]
[White "Pantsulaia, Levan"]
[Black "Khusnutdinov, Rustam"]
[Result "0-1"]
[WhiteElo "2607"]
[BlackElo "2458"]
[PlyCount "161"]
[EventDate "2016.??.??"]
[EventType "blitz"]
[EventCountry "QAT"]
[SourceTitle "playchess.com"]
[Source "ChessBase"]

1. Nf3 c5 2. c4 Nf6 3. Nc3 Nc6 4. g3 g6 5. Bg2 Bg7 6. d4 cxd4 7. Nxd4 O-O 8.
O-O Qa5 9. Nb3 Qh5 10. c5 a5 11. e3 a4 12. Qxh5 Nxh5 13. Nd4 Nxd4 14. exd4 Bxd4
15. Nd5 a3 16. Rb1 Bxc5 17. Bh6 axb2 18. Rxb2 Ng7 19. Rc2 Ra5 20. Bd2 Rb5 21.
Nc7 Bxf2+ 22. Rxf2 Rb1+ 23. Rf1 Rxf1+ 24. Bxf1 Nf5 25. Nd5 d6 26. a4 Be6 27.
Nb6 Nd4 28. Rc3 Bg4 29. Kf2 e5 30. Bg2 Ne6 31. a5 Nc5 32. Be3 Rd8 33. Bxc5 dxc5
34. Bxb7 Rd2+ 35. Ke1 Re2+ 36. Kf1 Rxh2 37. Ra3 Rb2 38. a6 Be2+ 39. Kg1 Bxa6
40. Rxa6 c4 41. Be4 c3 42. Nc4 c2 43. Ra1 Rb4 44. Nd2 Rd4 45. Bxc2 Rxd2 46. Be4
f5 47. Bg2 h5 48. Ra3 Kg7 49. Bf1 Kf6 50. Ra6+ Kg5 51. Bg2 e4 52. Bf1 Rb2 53.
Rc6 Rb3 54. Kf2 Rb2+ 55. Be2 Rb3 56. Rd6 Rb7 57. Bc4 Rg7 58. Ke3 Kg4 59. Kf2 h4
60. Be2+ Kg5 61. gxh4+ Kxh4 62. Ke3 Kg5 63. Bc4 Rh7 64. Kd4 Re7 65. Bb5 f4 66.
Rd8 Kg4 67. Rg8 g5 68. Rf8 Kg3 69. Kc5 g4 70. Kd6 Rh7 71. Bc4 e3 72. Re8 Kf2
73. Re4 Kf3 74. Bd5 Kg3 75. Kc5 Rh2 76. Bc4 Rd2 77. Kb4 Rd8 78. Kc3 Rf8 79. Bb5
Kf2 80. Kd3 g3 81. Kd4 0-1

[Event "FIDE WCC Blitz 2016 Men"]
[Site "Doha"]
[Date "2016.12.30"]
[Round "20"]
[White "Amonatov, Farrukh"]
[Black "Ganguly, Surya Shekhar"]
[Result "0-1"]
[WhiteElo "2620"]
[BlackElo "2668"]
[PlyCount "66"]
[EventDate "2016.??.??"]
[EventType "blitz"]
[EventCountry "QAT"]
[SourceTitle "playchess.com"]
[Source "ChessBase"]

1. e4 e5 2. Nc3 Nf6 3. g3 d5 4. exd5 Nxd5 5. Bg2 Nxc3 6. bxc3 Nc6 7. Nf3 Bc5 8.
O-O O-O 9. Re1 Qd6 10. d3 Bg4 11. h3 Bh5 12. Be3 Bb6 13. a4 f5 14. Bxb6 axb6
15. Qb1 Rae8 16. Nd2 e4 17. Nc4 Qf6 18. Ne3 Qxc3 19. Nd5 Qd4 20. Nxc7 e3 21.
Kh2 exf2 22. Rxe8 Bxe8 23. Ne6 Qe3 24. Nxf8 Nd4 25. Qb4 Bc6 26. Nd7 Bxd7 27.
Rf1 h6 28. c3 Ne2 29. Qd6 Bc6 30. Bxc6 bxc6 31. d4 f4 32. Qg6 fxg3+ 33. Kg2
Nf4+ 0-1

[Event "FIDE WCC Blitz 2016 Men"]
[Site "Doha"]
[Date "2016.12.30"]
[Round "20"]
[White "Volokitin, Andrei"]
[Black "Riazantsev, Alexander"]
[Result "0-1"]
[WhiteElo "2649"]
[BlackElo "2671"]
[PlyCount "80"]
[EventDate "2016.??.??"]
[EventType "blitz"]
[EventCountry "QAT"]
[SourceTitle "playchess.com"]
[Source "ChessBase"]

1. e4 c6 2. d4 d5 3. e5 Bf5 4. Nf3 e6 5. Be2 Ne7 6. O-O Bg6 7. Nbd2 c5 8. c4
cxd4 9. Nxd4 Nec6 10. N2f3 dxc4 11. Bxc4 Be7 12. Be3 O-O 13. Qe2 Bh5 14. Rfd1
Nxd4 15. Rxd4 Qc7 16. g4 Bg6 17. Rad1 Bc5 18. Rf4 Bxe3 19. Qxe3 Nc6 20. h4 Rfd8
21. Rxd8+ Rxd8 22. h5 Bb1 23. Kg2 Na5 24. Be2 Qb6 25. Qc3 h6 26. g5 Bf5 27.
gxh6 gxh6 28. Nd4 Bh7 29. Rg4+ Kh8 30. Qf3 f5 31. exf6 Rxd4 32. Rg3 Qc6 33. f7
Rd8 34. Kh2 Qxf3 35. Rxf3 Kg7 36. Bb5 Nc6 37. a4 Bf5 38. a5 a6 39. Bxc6 bxc6
40. Rc3 Rd6 0-1

[Event "FIDE WCC Blitz 2016 Men"]
[Site "Doha"]
[Date "2016.12.30"]
[Round "20"]
[White "Moiseenko, Alexander"]
[Black "Li, Chao b"]
[Result "0-1"]
[WhiteElo "2657"]
[BlackElo "2720"]
[PlyCount "96"]
[EventDate "2016.??.??"]
[EventType "blitz"]
[EventCountry "QAT"]
[SourceTitle "playchess.com"]
[Source "ChessBase"]

1. d4 Nf6 2. Bg5 d5 3. e3 g6 4. Bxf6 exf6 5. c4 dxc4 6. Bxc4 Bd6 7. Nf3 O-O 8.
O-O c6 9. Nc3 f5 10. Ne5 Nd7 11. f4 Nf6 12. a3 Qe7 13. Qd3 Be6 14. b4 Rfd8 15.
Qe2 Kg7 16. h3 Bxc4 17. Qxc4 Nd5 18. Nxd5 cxd5 19. Qb3 a5 20. bxa5 Rxa5 21. a4
Rda8 22. Rfb1 f6 23. Nf3 b5 24. Ra2 bxa4 25. Qd3 a3 26. Nd2 Rb8 27. Rxb8 Bxb8
28. Nb3 Ra7 29. Nc5 Bd6 30. Rxa3 Bxc5 31. dxc5 Qxc5 32. Rxa7+ Qxa7 33. Qc3 Qe7
34. Qd4 Qb7 35. Kh2 Kf7 36. Qc5 g5 37. Qd6 h6 38. Kg3 Kg7 39. Kh2 Qf7 40. Kg3
Kg6 41. Kh2 Kh5 42. Qb8 Qe7 43. Qb3 Qe4 44. Qd1+ Kg6 45. Qd2 h5 46. Qf2 h4 47.
Qd2 g4 48. Qc3 g3+ 0-1

[Event "FIDE WCC Blitz 2016 Men"]
[Site "Doha"]
[Date "2016.12.30"]
[Round "20"]
[White "Amin, Bassem"]
[Black "Aleksandrov, Aleksej"]
[Result "0-1"]
[WhiteElo "2662"]
[BlackElo "2574"]
[PlyCount "82"]
[EventDate "2016.??.??"]
[EventType "blitz"]
[EventCountry "QAT"]
[SourceTitle "playchess.com"]
[Source "ChessBase"]

1. e4 e5 2. Nf3 Nc6 3. Bc4 Bc5 4. O-O Nf6 5. d3 d6 6. c3 O-O 7. h3 h6 8. Re1
Re8 9. Nbd2 a5 10. Nf1 Be6 11. Bb5 Bd7 12. Ng3 Bb6 13. Ba4 Ne7 14. Bc2 Ng6 15.
d4 c6 16. Be3 Bc7 17. Qd2 Qe7 18. Rad1 Rad8 19. c4 exd4 20. Nxd4 Qf8 21. f4 Bc8
22. Ndf5 Ne7 23. Bd4 Nxf5 24. exf5 Nd7 25. f6 Bb6 26. Bxb6 Rxe1+ 27. Rxe1 Nxb6
28. Nh5 g6 29. Ng7 Nxc4 30. Qc1 d5 31. Re7 Nd6 32. f5 Bxf5 33. Bxf5 Nxf5 34.
Nxf5 gxf5 35. Qe3 d4 36. Qg3+ Kh7 37. Rxb7 d3 38. Qf3 d2 39. Qd1 Kg6 40. Rb3
Qc5+ 41. Kh1 Qc1 0-1

[Event "FIDE WCC Blitz 2016 Men"]
[Site "Doha"]
[Date "2016.12.30"]
[Round "21"]
[White "Matlakov, Maxim"]
[Black "Mamedov, Rauf"]
[Result "*"]
[WhiteElo "2694"]
[BlackElo "2688"]
[PlyCount "114"]
[EventDate "2016.??.??"]
[EventType "blitz"]
[EventCountry "QAT"]
[SourceTitle "playchess.com"]
[Source "ChessBase"]

1. d4 g6 2. Nf3 Bg7 3. g3 d6 4. Bg2 Nd7 5. c4 e5 6. Nc3 exd4 7. Nxd4 Ne7 8. O-O
O-O 9. Bf4 a6 10. Qd2 Re8 11. Rad1 Rb8 12. b3 Nc5 13. Bh6 Bxd4 14. Qxd4 Nf5 15.
Qd2 Nxh6 16. Qxh6 Be6 17. Rd4 Qf6 18. Rfd1 Qg7 19. Qd2 h5 20. h3 b5 21. cxb5
axb5 22. h4 b4 23. Nd5 Bxd5 24. Bxd5 Re5 25. e3 Kh7 26. Bg2 Rf5 27. Rxb4 Rxb4
28. Qxb4 Qb2 29. Qd2 Qa3 30. b4 Nd7 31. Qc2 Ne5 32. Be4 Rf6 33. Qb3 Qa6 34. Rd2
c6 35. a4 d5 36. Bg2 Ng4 37. b5 Qa5 38. Qb2 cxb5 39. axb5 d4 40. Qxd4 Qxb5 41.
Rb2 Qa5 42. Bf1 Qe1 43. Qd2 Qa1 44. Ra2 Qe5 45. Qd4 Qe6 46. Bc4 Qc6 47. Bd5
Qc1+ 48. Kg2 Qe1 49. Bf3 Qb1 50. Bxg4 hxg4 51. Qxf6 Qxa2 52. Qf4 f5 53. e4 Qe6
54. exf5 gxf5 55. Qg5 Qe4+ 56. Kg1 Qe1+ 57. Kg2 Qe4+ *

[Event "FIDE WCC Blitz 2016 Men"]
[Site "Doha"]
[Date "2016.12.30"]
[Round "21"]
[White "Gashimov, Sarkhan"]
[Black "Kayumov, Sergey"]
[Result "1-0"]
[WhiteElo "2351"]
[BlackElo "2505"]
[PlyCount "106"]
[EventDate "2016.??.??"]
[EventType "blitz"]
[EventCountry "QAT"]
[SourceTitle "playchess.com"]
[Source "ChessBase"]

1. Nf3 d6 2. d4 Bg4 3. Nbd2 g6 4. g3 Bg7 5. Bg2 Nf6 6. O-O O-O 7. h3 Bxf3 8.
Nxf3 d5 9. c4 c6 10. Qb3 Qb6 11. Ne5 Nbd7 12. Nxd7 Nxd7 13. cxd5 Qxb3 14. axb3
cxd5 15. Bxd5 Bxd4 16. Rd1 e5 17. e3 Bb6 18. Bxb7 Rad8 19. b4 f5 20. Bd2 Nf6
21. Bc3 Rfe8 22. Rxd8 Rxd8 23. Bxe5 Kf7 24. Bc3 g5 25. Kg2 h5 26. Bc6 Rd6 27.
b5 Ne4 28. Bxe4 fxe4 29. Ra4 Re6 30. Bd4 Kg6 31. Bxb6 axb6 32. Rc4 Kf5 33. g4+
hxg4 34. hxg4+ Ke5 35. b4 Kd5 36. Rd4+ Ke5 37. Rd8 Rh6 38. Rf8 Kd5 39. Rf5+ Kc4
40. Rxg5 Re6 41. Rf5 Kxb4 42. g5 Kc4 43. Kg3 Kd3 44. Kf4 Ke2 45. Rf6 Re8 46.
Rxb6 Kxf2 47. Rf6 Ke2 48. b6 Kd3 49. b7 Rb8 50. Rf7 Rg8 51. g6 Kc4 52. g7 Kc5
53. Rf8 Kd5 1-0

[Event "FIDE WCC Blitz 2016 Men"]
[Site "Doha"]
[Date "2016.12.30"]
[Round "21"]
[White "Neelotpal, Das"]
[Black "Stratonowitsch, Andre"]
[Result "1-0"]
[WhiteElo "2463"]
[BlackElo "2138"]
[PlyCount "54"]
[EventDate "2016.??.??"]
[EventType "blitz"]
[EventCountry "QAT"]
[SourceTitle "playchess.com"]
[Source "ChessBase"]

1. Nf3 Nf6 2. g3 g6 3. Bg2 Bg7 4. O-O O-O 5. d4 d5 6. b3 Re8 7. c4 c5 8. Bb2
cxd4 9. Nxd4 dxc4 10. bxc4 Na6 11. Na3 Nc5 12. Qc2 a6 13. Rfd1 Qc7 14. Rac1 Bf5
15. Nxf5 gxf5 16. Qxf5 Rad8 17. h3 Kh8 18. Bf3 Rg8 19. Kg2 e6 20. Qg5 Nfd7 21.
Bxg7+ Rxg7 22. Qe7 f5 23. Qd6 Qa5 24. Nc2 Rdg8 25. Nd4 f4 26. g4 e5 27. Nb3
Nxb3 1-0

[Event "FIDE WCC Blitz 2016 Men"]
[Site "Doha"]
[Date "2016.12.30"]
[Round "21"]
[White "Hirneise, Tobias"]
[Black "Shytaj, Luca"]
[Result "1-0"]
[WhiteElo "2466"]
[BlackElo "2435"]
[PlyCount "57"]
[EventDate "2016.??.??"]
[EventType "blitz"]
[EventCountry "QAT"]
[SourceTitle "playchess.com"]
[Source "ChessBase"]

1. e4 c5 2. Nf3 d6 3. d4 Nf6 4. Nc3 cxd4 5. Nxd4 Bd7 6. Bg5 e6 7. Qd2 a6 8.
O-O-O b5 9. f3 h6 10. Be3 Nc6 11. Nxc6 Bxc6 12. Ne2 Rc8 13. Nd4 Bb7 14. Kb1 Be7
15. h4 h5 16. Bg5 O-O 17. Bd3 Qb6 18. Ne2 b4 19. Nf4 Rc7 20. Bxf6 Bxf6 21. Nxh5
Bc3 22. Qg5 Rc5 23. Qg4 Rfc8 24. f4 Qa5 25. e5 g6 26. Bxg6 Bd5 27. Bxf7+ Kf8
28. Qg7+ Ke7 29. Be8+ 1-0

[Event "FIDE WCC Blitz 2016 Men"]
[Site "Doha"]
[Date "2016.12.30"]
[Round "21"]
[White "Belyakov, Bogdan"]
[Black "Gholami, Aryan"]
[Result "1-0"]
[WhiteElo "2487"]
[BlackElo "2422"]
[PlyCount "49"]
[EventDate "2016.??.??"]
[EventType "blitz"]
[EventCountry "QAT"]
[SourceTitle "playchess.com"]
[Source "ChessBase"]

1. e4 c5 2. c3 Nf6 3. e5 Nd5 4. Nf3 e6 5. d4 cxd4 6. cxd4 d6 7. Bc4 Nb6 8. Bd3
Nc6 9. O-O Be7 10. Nc3 O-O 11. Qe2 Bd7 12. Qe4 g6 13. Bh6 Re8 14. Qf4 Nb4 15.
Be4 N4d5 16. Bxd5 Nxd5 17. Nxd5 exd5 18. exd6 Bf6 19. Ne5 Bf5 20. g4 Bc2 21.
Rac1 Ba4 22. Rc7 Qxd6 23. Rxf7 Re6 24. g5 Bh8 25. Rg7+ 1-0

[Event "FIDE WCC Blitz 2016 Men"]
[Site "Doha"]
[Date "2016.12.30"]
[Round "21"]
[White "Potapov, Pavel"]
[Black "Darini, Pouria"]
[Result "1-0"]
[WhiteElo "2493"]
[BlackElo "2511"]
[PlyCount "65"]
[EventDate "2016.??.??"]
[EventType "blitz"]
[EventCountry "QAT"]
[SourceTitle "playchess.com"]
[Source "ChessBase"]

1. e4 c5 2. c3 Nf6 3. e5 Nd5 4. Bc4 e6 5. d4 cxd4 6. cxd4 d6 7. Nf3 Nc6 8. O-O
Be7 9. Qe2 O-O 10. Rd1 b6 11. Qe4 Bb7 12. Bd3 g6 13. Qg4 dxe5 14. dxe5 Ndb4 15.
Be2 Qc7 16. Bh6 Nc2 17. Bxf8 Bxf8 18. Nc3 Nxa1 19. Rxa1 Nxe5 20. Nxe5 Qxe5 21.
Rd1 h5 22. Qc4 Rc8 23. Qd3 Bg7 24. Bf3 Bxf3 25. Qxf3 Rc7 26. g3 Qf5 27. Qa8+
Kh7 28. Ne4 Rc2 29. h4 Bh6 30. Rd8 Qe5 31. Rd7 Rc7 32. Rxc7 Qxc7 33. Nf6+ 1-0

[Event "FIDE WCC Blitz 2016 Men"]
[Site "Doha"]
[Date "2016.12.30"]
[Round "21"]
[White "Maghsoodloo, Parham"]
[Black "Pichot, Alan"]
[Result "1-0"]
[WhiteElo "2584"]
[BlackElo "2544"]
[PlyCount "125"]
[EventDate "2016.??.??"]
[EventType "blitz"]
[EventCountry "QAT"]
[SourceTitle "playchess.com"]
[Source "ChessBase"]

1. d4 Nf6 2. c4 g6 3. Nc3 Bg7 4. e4 d6 5. Nf3 O-O 6. Be2 e5 7. O-O Nc6 8. d5
Ne7 9. Ne1 Nd7 10. Be3 f5 11. f3 f4 12. Bf2 g5 13. Rc1 Ng6 14. c5 Nxc5 15. b4
Na6 16. Nd3 Rf7 17. Nb5 Bd7 18. a4 Bf8 19. Nxa7 h5 20. Nb5 Rg7 21. Be1 Nh8 22.
Nf2 Nf7 23. Kh1 Nh6 24. Rg1 g4 25. fxg4 hxg4 26. g3 f3 27. Bf1 Rh7 28. Rc4 Qg5
29. Qc1 Qh5 30. h3 Rc8 31. Kh2 Nf7 32. Bd2 Bh6 33. Bxh6 Rxh6 34. Nxc7 Ng5 35.
Nxa6 Rxc4 36. Qxc4 bxa6 37. h4 Nf7 38. Rh1 Rg6 39. Kg1 Qh6 40. Qxa6 Qe3 41. Qd3
Qa7 42. a5 Kh7 43. Qd2 Rg8 44. b5 Qc5 45. a6 Rb8 46. Kh2 Qa3 47. Bd3 Bxb5 48.
Rb1 Bxd3 49. Rxb8 Be2 50. Rb7 Kg8 51. Nxg4 Qc5 52. Rb8+ Kg7 53. Rb7 Kg8 54.
Nh6+ Kf8 55. Rxf7+ Ke8 56. a7 Qf2+ 57. Kh3 Qg2+ 58. Kg4 f2+ 59. Kg5 Qxg3+ 60.
Kf6 Qxh4+ 61. Kg7 Qg3+ 62. Kh8 Qa3 63. Qg5 1-0

[Event "FIDE WCC Blitz 2016 Men"]
[Site "Doha"]
[Date "2016.12.30"]
[Round "21"]
[White "Bindrich, Falko"]
[Black "Sanal, Vahap"]
[Result "1-0"]
[WhiteElo "2590"]
[BlackElo "2474"]
[PlyCount "61"]
[EventDate "2016.??.??"]
[EventType "blitz"]
[EventCountry "QAT"]
[SourceTitle "playchess.com"]
[Source "ChessBase"]

1. d4 e5 2. dxe5 Nc6 3. Nf3 d6 4. exd6 Bxd6 5. e4 Bg4 6. Be2 Qe7 7. Be3 O-O-O
8. Nbd2 Nf6 9. h3 Bh5 10. Nh4 Bxe2 11. Qxe2 g6 12. O-O Rhe8 13. Nc4 Nxe4 14.
Nxd6+ Rxd6 15. Nf3 Nxf2 16. Kxf2 Re6 17. Rae1 Nb4 18. Qd2 Nxc2 19. Qxc2 Rxe3
20. Qd2 Re6 21. Rxe6 Qxe6 22. a3 Qb6+ 23. Kg3 Rd8 24. Qc3 Qd6+ 25. Qe5 Qb6 26.
Rc1 f6 27. Qc5 Rd6 28. Qxb6 Rxb6 29. Rc2 Rd6 30. Kf4 b6 31. Ke4 1-0

[Event "FIDE WCC Blitz 2016 Men"]
[Site "Doha"]
[Date "2016.12.30"]
[Round "21"]
[White "Onischuk, Vladimir"]
[Black "Vallejo Pons, Francisco"]
[Result "1-0"]
[WhiteElo "2601"]
[BlackElo "2711"]
[PlyCount "71"]
[EventDate "2016.??.??"]
[EventType "blitz"]
[EventCountry "QAT"]
[SourceTitle "playchess.com"]
[Source "ChessBase"]

1. e4 e5 2. Nf3 Nc6 3. Bb5 Bc5 4. c3 Nf6 5. d3 O-O 6. Nbd2 d6 7. h3 a6 8. Ba4
Ba7 9. O-O Ne7 10. Re1 Ng6 11. Nf1 Nh5 12. d4 Nhf4 13. Ng3 h6 14. Bc2 Qf6 15.
Nf5 Re8 16. Be3 Ne6 17. g3 Nef8 18. Nh2 Qd8 19. Qh5 Nh7 20. Ng4 Nf6 21. Ngxh6+
gxh6 22. Qxh6 Bxf5 23. exf5 Nf8 24. g4 N6h7 25. g5 f6 26. g6 Re7 27. Bb3+ Kh8
28. Kh2 Rg7 29. Rg1 Qd7 30. gxh7 Nxh7 31. Be6 Qe7 32. Rg6 exd4 33. cxd4 Qf8 34.
Rag1 Rxg6 35. Qxg6 Qe7 36. Qg8+ 1-0

[Event "FIDE WCC Blitz 2016 Men"]
[Site "Doha"]
[Date "2016.12.30"]
[Round "21"]
[White "Jumabayev, Rinat"]
[Black "Agdestein, Simen"]
[Result "1-0"]
[WhiteElo "2611"]
[BlackElo "2602"]
[PlyCount "82"]
[EventDate "2016.??.??"]
[EventType "blitz"]
[EventCountry "QAT"]
[SourceTitle "playchess.com"]
[Source "ChessBase"]

1. Nf3 Nf6 2. c4 b6 3. d4 e6 4. Nc3 Bb4 5. e3 O-O 6. Bd3 d5 7. O-O Ba6 8. cxd5
Bxd3 9. Qxd3 exd5 10. a3 Bxc3 11. bxc3 c5 12. dxc5 bxc5 13. c4 dxc4 14. Qxc4
Qd5 15. Qc2 Nbd7 16. Rd1 Qc6 17. Bb2 Rac8 18. Ng5 Rfe8 19. h3 Nf8 20. Qc4 Re7
21. Rd2 h6 22. Nf3 Ne4 23. Rc2 Nd7 24. Rd1 Nb6 25. Qe2 Qa4 26. Rdc1 c4 27. Nd4
Rec7 28. Bc3 Nxc3 29. Rxc3 Nd5 30. R3c2 Qxa3 31. Nb5 Qd3 32. Nxc7 Qxe2 33. Rxe2
Rxc7 34. Rec2 Nb6 35. Kf1 Kf8 36. Ra2 Ke7 37. Rca1 Nc8 38. Ke2 Rd7 39. Ra5 Ke6
40. R1a2 g5 41. Ra6+ Ke5 1-0

[Event "FIDE WCC Blitz 2016 Men"]
[Site "Doha"]
[Date "2016.12.30"]
[Round "21"]
[White "Kozul, Zdenko"]
[Black "khayat, Abdullah F"]
[Result "1-0"]
[WhiteElo "2613"]
[BlackElo "1732"]
[PlyCount "41"]
[EventDate "2016.??.??"]
[EventType "blitz"]
[EventCountry "QAT"]
[SourceTitle "playchess.com"]
[Source "ChessBase"]

1. Nf3 Nf6 2. c4 g6 3. Nc3 Bg7 4. d4 d6 5. e4 O-O 6. Be2 c6 7. O-O Nfd7 8. Be3
e5 9. Qd2 Re8 10. Rad1 Nf8 11. dxe5 Na6 12. exd6 Bg4 13. a3 Qd7 14. c5 Ne6 15.
Ne5 Bxe5 16. Bxg4 h5 17. Bh3 Kg7 18. f4 Bf6 19. e5 Bd8 20. f5 gxf5 21. Rxf5 1-0